|
|
|
|
| LEADER |
00000nam0a2200000 4500 |
| 001 |
290478 |
| 005 |
20231102000306.0 |
| 010 |
|
|
|a 9785000910412
|
| 010 |
|
|
|a 978-5-16-010727-1
|
| 035 |
|
|
|a (RuTPU)RU\TPU\book\315028
|
| 090 |
|
|
|a 290478
|
| 100 |
|
|
|a 20150406d2015 m y0rusy50 ca
|
| 101 |
0 |
|
|a rus
|
| 102 |
|
|
|a RU
|
| 105 |
|
|
|a a j 001zy
|
| 200 |
1 |
|
|a Основы экологического мониторинга
|e учебное пособие
|f И. О. Тихонова, Н. Е. Кручинина
|
| 210 |
|
|
|a Москва
|c Инфра-М
|c Форум
|d 2015
|
| 215 |
|
|
|a 240 с.
|c ил.
|
| 225 |
1 |
|
|a Высшее образование. Бакалавриат
|
| 320 |
|
|
|a Библиография в конце глав.
|
| 330 |
|
|
|a В учебном пособии приведены сведения о экологическом мониторинге как о необходимом элементе системы охраны окружающей среды от антропогенного воздействия. Освещена история создания Государственной системы наблюдений (ГСН) в РФ, собраны основные законодательные и нормативные акты в сфере природопользования. Дана оценка современного состояния окружающей среды в некоторых регионах РФ. В пособии рассмотрены вопросы организации мониторинга атмосферного воздуха, водных объектов, почвенного покрова, биологического мониторинга, а также задачи и принципы организации систем мониторинга на глобальном и локатьном уровнях. Показано влияние гидродинамических условий на распространение загрязняющих веществ. Приведены математические модели оценки и прогнозирования качества атмосферного воздуха и воды и комплексные оценки качества объектов окружающей среды. Обсуждены проблемы, возникающие при загрязнении объектов окружающей среды в результате антропогенной деятельности. Пособие предназначено для бакалавров и магистров высших учебных заведений, обучающихся по направлениям подготовки «Экология и природопользование», «Энерго- и ресурсосберегающие процессы в химической технологии, нефтехимии и биотехнологии» и «Техносферная безопасность».
|
| 606 |
1 |
|
|a Экологический мониторинг
|2 stltpush
|3 (RuTPU)RU\TPU\subj\39015
|9 59256
|
| 610 |
1 |
|
|a загрязняющие вещества
|
| 610 |
1 |
|
|a антропогенное загрязнение
|
| 610 |
1 |
|
|a атмосферный воздух
|
| 610 |
1 |
|
|a качество
|
| 610 |
1 |
|
|a нормирование
|
| 610 |
1 |
|
|a водные объекты
|
| 610 |
1 |
|
|a гидросфера
|
| 610 |
1 |
|
|a почва
|
| 610 |
1 |
|
|a биологический мониторинг
|
| 610 |
1 |
|
|a биотестирование
|
| 610 |
1 |
|
|a биоиндикация
|
| 610 |
1 |
|
|a учебные пособия
|
| 675 |
|
|
|a 504.064(075.8)
|v 4
|
| 700 |
|
1 |
|a Тихонова
|b И. О.
|g Ирина Олеговна
|
| 701 |
|
1 |
|a Кручинина
|b Н. Е.
|g Наталья Евгеньевна
|
| 801 |
|
1 |
|a RU
|b 63413507
|c 20150406
|
| 801 |
|
2 |
|a RU
|b 63413507
|c 20150608
|g RCR
|
| 900 |
|
|
|a Экологический мониторинг
|
| 900 |
|
|
|a Экологический мониторинг земельных ресурсов
|
| 942 |
|
|
|c BK
|
| 951 |
|
|
|l 8.1
|l 8.3
|
| 959 |
|
|
|a 34/20150406
|d 5
|e 299,90
|f ЧЗТЛ:1
|f УФ:4
|